000 00800nam a22002657a 4500
001 BR9400525
003 BR-BrBNA
005 20230928093946.0
007 ta
008 230509b bl.||||| |||| 00| 0 por d
040 _aBR-BrBNA
_bpor
_cBiblioteca Nacional de Agricultura
041 _a(Por)
072 _aN20; F03
_b3575
090 _ 3575 BR9400525
110 1 _aCentro Nacional de Engenharia Agricola, Sorocaba, SP (Brasil)
_91718
245 1 _aRelatorio de ensaio. Tratador de sementes, marca: Lane Valim/Fersol, modelo: Semix 2, tipos de ensaio: homologacao
260 3 _aSorocaba, SP (Brasil):
_c1990.
300 _a29 p.
500 _a14 tables
650 _aMaquina Agricola
650 _aSemente
650 _aInseticida
909 _a202309
_bLucia
_c55
_dLucia Elande
942 _cBK
999 _c48132
_d48132